[Event "SVK-chT2D 2122"]
[Site "Slovakia"]
[Date "2022.05.01"]
[Round "11.4"]
[White "Hagara, Martin"]
[Black "Presalovic, Marcel"]
[Result "1/2-1/2"]
[WhiteElo "2171"]
[BlackElo "2046"]
[PlyCount "73"]
[EventDate "2021.10.16"]
[EventType "team-tourn"]
[EventRounds "11"]
[EventCountry "SVK"]
[SourceTitle "EXT 2023"]
[Source "ChessBase"]
[SourceDate "2022.10.05"]
[SourceVersion "1"]
[SourceVersionDate "2022.10.05"]
[SourceQuality "1"]
[WhiteTeam "Kezmarok"]
[BlackTeam "Stropkov/Svidnik"]
[WhiteTeamCountry "SVK"]
[BlackTeamCountry "SVK"]

1. e4 d6 2. Nf3 Nf6 3. Nc3 Bg4 4. Be2 e5 5. d4 Nbd7 6. Be3 Be7 7. Nd2 Bxe2 8. Qxe2 c6 9. f4 exf4 10. Bxf4 0-0 11. 0-0 Nb6 12. Rae1 Qd7 13. Kh1 Qg4 14. e5 Qxe2 15. Rxe2 dxe5 16. Bxe5 Rfe8 17. Rfe1 Kf8 18. Nd1 Nbd7 19. Bg3 Bb4 20. c3 Rxe2 21. Rxe2 Be7 22. Nc4 Nh5 23. Bd6 Bxd6 24. Nxd6 Rb8 25. Nf2 Nhf6 26. Nd3 Ne8 27. Ne4 Nef6 28. Nxf6 Nxf6 29. Ne5 Rd8 30. g4 Nd7 31. Nc4 b6 32. Kg2 f6 33. Nd6 Nb8 34. Nf5 g6 35. Ne3 Re8 36. Kf3 Kf7 37. Rd2 1/2-1/2

[Event "SVK-chT2D 1314"]
[Site "Slovakia"]
[Date "2014.03.15"]
[Round "10.2"]
[White "Pcola, Jaroslav1111"]
[Black "Presalovic, Marcel"]
[Result "1/2-1/2"]
[WhiteElo "1890"]
[BlackElo "2122"]
[PlyCount "93"]
[EventDate "2013.10.19"]
[EventType "team-tourn"]
[EventRounds "11"]
[EventCountry "SVK"]
[SourceTitle "EXT 2015"]
[Source "ChessBase"]
[SourceDate "2014.11.20"]
[SourceVersion "1"]
[SourceVersionDate "2014.11.20"]
[SourceQuality "1"]
[WhiteTeam "Humenne II"]
[BlackTeam "Gelnica Slovan"]
[WhiteTeamCountry "SVK"]
[BlackTeamCountry "SVK"]

1. Nf3 g6 2. d4 Bg7 3. c4 Nf6 4. Nc3 d5 5. cxd5 Nxd5 6. e4 Nxc3 7. bxc3 0-0 8. Be2 c5 9. 0-0 Nc6 10. Be3 Qa5 11. Qb3 cxd4 12. cxd4 e5 13. Rfd1 exd4 14. Nxd4 Nxd4 15. Bxd4 Rb8 16. Bc4 Bg4 17. f3 Bxd4+ 18. Rxd4 Qc5 19. Rad1 Rbd8 20. Bd5 Bc8 21. Kh1 Kg7 22. Rc4 Qe7 23. Qc3+ Qf6 24. e5 Qg5 25. e6+ Kh6 26. h4 Qe7 27. Qc1+ Kg7 28. exf7 Bf5 29. Qb2+ Qf6 30. Qxb7 Rxf7 31. Rc7 Qxh4+ 32. Kg1 Rxc7 33. Qxc7+ Rd7 34. Qe5+ Qf6 35. Qxf6+ Kxf6 36. Bb3 Rxd1+ 37. Bxd1 Ke5 38. Kf2 Kd4 39. Bb3 Bd3 40. a4 a5 41. g4 Bc4 42. Bxc4 Kxc4 43. f4 h6 44. f5 gxf5 45. gxf5 Kd5 46. Kf3 Ke5 47. Kg4 1/2-1/2

[Event "SVK-chT2D 1213"]
[Site "Slovakia"]
[Date "2013.03.16"]
[Round "10.2"]
[White "Najgebauer, Szemjon"]
[Black "Presalovic, Marcel"]
[Result "1/2-1/2"]
[WhiteElo "2187"]
[BlackElo "2135"]
[PlyCount "119"]
[EventDate "2012.10.13"]
[EventType "team-tourn"]
[EventRounds "11"]
[EventCountry "SVK"]
[SourceTitle "EXT 2015"]
[Source "ChessBase"]
[SourceDate "2014.11.20"]
[SourceVersion "1"]
[SourceVersionDate "2014.11.20"]
[SourceQuality "1"]
[WhiteTeam "Kosice Slavia UPJS III"]
[BlackTeam "Gelnica Slovan"]
[WhiteTeamCountry "SVK"]
[BlackTeamCountry "SVK"]

1. d4 d5 2. c4 e6 3. Nc3 c5 4. cxd5 exd5 5. Nf3 Nc6 6. g3 Nf6 7. Bg2 Be7 8. 0-0 0-0 9. Bf4 Be6 10. Nb5 Rc8 11. dxc5 Bxc5 12. Nbd4 h6 13. Rc1 Ne4 14. Nxc6 bxc6 15. Ne5 Qb6 16. Nd3 Be7 17. Be3 d4 18. Bf4 Bd5 19. f3 Nf6 20. b3 c5 21. Kh1 c4 22. bxc4 Bxc4 23. Bh3 Be6 24. Rb1 Qa6 25. Bxe6 Qxe6 26. Qb3 Nd5 27. Rfe1 Rc3 28. Qa4 Ra3 29. Qxd4 Rxa2 30. Nc1 Rc2 31. Qxa7 Nxf4 32. gxf4 Bd6 33. Qd4 Rc4 34. Qf2 Bxf4 35. e3 Re8 36. e4 Rec8 37. Nd3 Rc2 38. Nxf4 Rxf2 39. Nxe6 fxe6 40. Rf1 Rcc2 41. Rxf2 Rxf2 42. Rb3 Kf7 43. Kg1 Re2 44. Rb5 g5 45. h4 g4 46. fxg4 Rxe4 47. g5 Rxh4 48. gxh6 Rxh6 49. Kf2 Kf6 50. Kf3 Rh3+ 51. Ke4 Rh4+ 52. Kf3 Ra4 53. Rc5 Ra8 54. Rb5 e5 55. Ke4 Ra4+ 56. Ke3 Kf5 57. Kf3 Ra3+ 58. Ke2 Kf4 59. Rb4+ e4 60. Rb2 1/2-1/2

[Event "SVK-chT2D 1213"]
[Site "Slovakia"]
[Date "2013.02.16"]
[Round "8.2"]
[White "Novotny, Adam"]
[Black "Presalovic, Marcel"]
[Result "0-1"]
[WhiteElo "1915"]
[BlackElo "2135"]
[PlyCount "92"]
[EventDate "2012.10.13"]
[EventType "team-tourn"]
[EventRounds "11"]
[EventCountry "SVK"]
[SourceTitle "EXT 2015"]
[Source "ChessBase"]
[SourceDate "2014.11.20"]
[SourceVersion "1"]
[SourceVersionDate "2014.11.20"]
[SourceQuality "1"]
[WhiteTeam "Presov Slavia"]
[BlackTeam "Gelnica Slovan"]
[WhiteTeamCountry "SVK"]
[BlackTeamCountry "SVK"]

1. c4 c5 2. Nc3 Nc6 3. g3 g6 4. Bg2 Bg7 5. d3 Nf6 6. e4 0-0 7. Nge2 a6 8. 0-0 Rb8 9. a4 Nd4 10. Rb1 d6 11. b4 Nd7 12. bxc5 Nxe2+ 13. Nxe2 dxc5 14. f4 Qc7 15. Bb2 Rd8 16. Qc2 Bxb2 17. Rxb2 Nf8 18. Nc3 Rd4 19. Nd5 Qd8 20. f5 Nd7 21. Qd2 Ne5 22. f6 exf6 23. Nxf6+ Kg7 24. Qf4 Nc6 25. Nd5 Be6 26. Qe3 Ne5 27. Nf4 Nxd3 28. Nxd3 Rxd3 29. Qxc5 Qd4+ 30. Qxd4+ Rxd4 31. e5 Rxc4 32. Rf4 b5 33. Rxc4 Bxc4 34. axb5 axb5 35. Bf1 Bxf1 36. Kxf1 Kf8 37. Ke2 Ke7 38. Ke3 Ke6 39. Ke4 b4 40. Rb3 Rb5 41. Kd4 Rd5+ 42. Kc4 Rxe5 43. Kxb4 Re2 44. h4 Rf2 45. Kc5 Kf5 46. Kd6 Kg4 0-1

[Event "SVK-chT2D 10/11"]
[Site "Slovakia"]
[Date "2011.02.06"]
[Round "7.5"]
[White "Vorovic, Arkadij"]
[Black "Presalovic, Marcel"]
[Result "1-0"]
[WhiteElo "2176"]
[BlackElo "2154"]
[PlyCount "71"]
[EventDate "2010.10.23"]
[EventType "team-tourn"]
[EventRounds "11"]
[EventCountry "SVK"]
[SourceTitle "EXT 2019"]
[Source "ChessBase"]
[SourceDate "2018.10.10"]
[SourceVersion "1"]
[SourceVersionDate "2018.10.10"]
[SourceQuality "1"]
[WhiteTeam "Velke Kapusany"]
[BlackTeam "Kosice Slavia TU V"]
[WhiteTeamCountry "SVK"]
[BlackTeamCountry "SVK"]

1. d4 Nf6 2. Nf3 c5 3. dxc5 e6 4. c4 Bxc5 5. Nc3 0-0 6. e3 Nc6 7. a3 a5 8. Be2 d5 9. 0-0 dxc4 10. Bxc4 b6 11. Qe2 Bb7 12. Na4 Bd6 13. Rd1 Qc7 14. Bd2 Ng4 15. h3 Nge5 16. Nxe5 Nxe5 17. Bb5 Rad8 18. Rac1 Qb8 19. Bc3 Bd5 20. Bd4 Qb7 21. f4 Nd7 22. Bxd7 Rxd7 23. Nxb6 Rc7 24. Nxd5 exd5 25. Rxc7 Qxc7 26. Qg4 g6 27. Qg5 f5 28. Kh1 Be7 29. Qg3 Bf6 30. Qf3 Bxd4 31. Qxd5+ Qf7 32. Rxd4 Rb8 33. Qxa5 Qe7 34. Qd2 Re8 35. b4 Qa7 36. Rd7 1-0

[Event "SVK-chT2D 10/11"]
[Site "Slovakia"]
[Date "2010.10.23"]
[Round "1.3"]
[White "Zambor, Norbert"]
[Black "Presalovic, Marcel"]
[Result "1-0"]
[WhiteElo "2281"]
[BlackElo "2154"]
[PlyCount "60"]
[EventDate "2010.10.23"]
[EventType "team-tourn"]
[EventRounds "11"]
[EventCountry "SVK"]
[SourceTitle "EXT 2019"]
[Source "ChessBase"]
[SourceDate "2018.10.10"]
[SourceVersion "1"]
[SourceVersionDate "2018.10.10"]
[SourceQuality "1"]
[WhiteTeam "Margecany OSK"]
[BlackTeam "Kosice Slavia TU V"]
[WhiteTeamCountry "SVK"]
[BlackTeamCountry "SVK"]

1. e4 d5 2. exd5 Qxd5 3. Nc3 Qa5 4. d4 Nf6 5. Bc4 Bf5 6. Nf3 e6 7. Bd2 c6 8. Nd5 Qd8 9. Nxf6+ Qxf6 10. Qe2 Bg4 11. d5 Bxf3 12. gxf3 cxd5 13. Bxd5 Nc6 14. 0-0-0 Be7 15. Bxc6+ bxc6 16. Rhg1 Rb8 17. c3 Qf5 18. Qe4 Qb5 19. b3 Bf6 20. c4 Qa6 21. Qc2 Qa3+ 22. Kb1 Qc5 23. Be3 Qe5 24. Bd4 Qxh2 25. Qe4 Qc7 26. Rxg7 Bxg7 27. Bxg7 Rg8 28. Be5 Qc8 29. Qxh7 Rf8 30. Bd6 Qd7 1-0

[Event "SVK-chT2D 0910"]
[Site "Slovakia"]
[Date "2010.01.10"]
[Round "7.5"]
[White "Cech, Dominik"]
[Black "Presalovic, Marcel"]
[Result "0-1"]
[WhiteElo "2095"]
[BlackElo "2189"]
[PlyCount "106"]
[EventDate "2009.10.10"]
[EventType "team"]
[EventRounds "11"]
[EventCountry "SVK"]
[SourceTitle "EXT 2011"]
[Source "ChessBase"]
[SourceDate "2010.11.26"]
[SourceVersion "1"]
[SourceVersionDate "2010.11.26"]
[SourceQuality "1"]
[WhiteTeam "Michalovce Zemplin II"]
[BlackTeam "Kosice Slavia III"]
[WhiteTeamCountry "SVK"]
[BlackTeamCountry "SVK"]

1. e4 d6 2. d4 Nf6 3. Nc3 g6 4. Be3 Bg7 5. Qd2 c6 6. Bh6 0-0 7. f3 e5 8. Bxg7 Kxg7 9. 0-0-0 Qe7 10. g4 h5 11. gxh5 Nxh5 12. Nge2 Rh8 13. Rg1 Qf6 14. dxe5 dxe5 15. Kb1 Qxf3 16. Bg2 Qf6 17. Rdf1 Qe7 18. Bf3 Bh3 19. Rf2 Qc5 20. Nd1 Nd7 21. Bxh5 Rxh5 22. Ng3 Rh4 23. Ne3 Kf8 24. Ng2 Rh7 25. Rgf1 Be6 26. h4 Ke7 27. h5 gxh5 28. Nh4 Rg8 29. Ngf5+ Kd8 30. b3 Kc7 31. Nh6 Rgg7 32. N6f5 Rg4 33. Re2 Nf6 34. Rd1 Rh8 35. Qd3 Rg1 36. Kb2 Rxd1 37. Qxd1 Rd8 38. Qc1 a5 39. Qg5 a4 40. a3 Ng4 41. Ng7 Nf2 42. Nxe6+ fxe6 43. Rxf2 Qxf2 44. Qxe5+ Rd6 45. Qa5+ Qb6 46. Qxh5 Qd4+ 47. Ka2 Qxe4 48. Qf7+ Rd7 49. Qf2 Rh7 50. Ng2 axb3+ 51. cxb3 Qe5 52. a4 Rh1 53. Ka3 c5 0-1